[Event "Bucharest Grand Prix op"]
[Site "Bucharest"]
[Date "2024.03.23"]
[Round "3"]
[White "Lupulescu, Constantin"]
[Black "Padurean, Daniel Cristian"]
[Result "1-0"]
[WhiteElo "2579"]
[BlackElo "2115"]
[PlyCount "107"]
[EventDate "2024.03.23"]
[EventType "swiss (rapid)"]
[EventRounds "10"]
[EventCountry "ROU"]
[SourceTitle "CB13_2024"]
[SourceDate "2024.03.27"]
[SourceVersion "1"]
[SourceVersionDate "2024.03.27"]
[SourceQuality "1"]

1. d4 Nc6 2. Nf3 d5 3. c4 Bg4 4. Nc3 Nf6 5. cxd5 Nxd5 6. e4 Nxc3 7. bxc3 e5 8. d5 Ne7 9. Qb3 Bxf3 10. gxf3 Qc8 11. Rb1 b6 12. Bb5+ Kd8 13. d6 cxd6 14. Qxf7 Ng6 15. Qe8+ Kc7 16. Qc6+ Kb8 17. a4 Be7 18. a5 Qc7 19. 0-0 Rc8 20. Qd5 Qb7 21. Be3 Qxd5 22. exd5 Kc7 23. Bc6 Rab8 24. axb6+ axb6 25. Ra1 Kd8 26. Rfb1 Rxc6 27. dxc6 Kc7 28. Ra6 Kxc6 29. Raxb6+ Rxb6 30. Rxb6+ Kd5 31. Rb4 Ke6 32. Kf1 Bf6 33. c4 Be7 34. Ke2 Kd7 35. Rb5 Kc6 36. Kd3 Nf8 37. Ra5 Ne6 38. Ra6+ Kd7 39. Ra7+ Ke8 40. Ke4 Kf7 41. f4 exf4 42. Bxf4 Kf6 43. Be3 g5 44. h3 h5 45. f3 Bd8 46. Rh7 Kg6 47. Rd7 Bc7 48. Bf2 Kf6 49. Kd5 Nf4+ 50. Kc6 Ba5 51. h4 Bb4 52. Bg3 Ne6 53. Bxd6 Nd4+ 54. Kd5 1-0

[Event "Timisoara Foisor Memorial Rapid"]
[Site "Timisoara"]
[Date "2023.08.05"]
[Round "2"]
[White "Padurean, Daniel Cristian"]
[Black "Brunello, Sabino"]
[Result "0-1"]
[WhiteElo "2152"]
[BlackElo "2496"]
[PlyCount "66"]
[EventDate "2023.08.05"]
[EventType "swiss (rapid)"]
[EventRounds "10"]
[EventCountry "ROU"]
[SourceTitle "CBM 215 Extra"]
[Source "ChessBase"]
[SourceDate "2023.09.30"]
[SourceVersion "1"]
[SourceVersionDate "2023.09.30"]
[SourceQuality "1"]

1. e4 c6 2. Nf3 d5 3. exd5 cxd5 4. Ne5 e6 5. d4 Bd6 6. c3 Nc6 7. f4 Nge7 8. Bd3 0-0 9. 0-0 f6 10. Qh5 Nf5 11. Ng4 Bd7 12. Nd2 Qc7 13. Nf3 Be8 14. Qh3 Bg6 15. Ne3 Nce7 16. g3 Qd7 17. Ng2 Nxd4 18. Nxd4 Bxd3 19. Re1 Bf5 20. g4 Be4 21. f5 exf5 22. gxf5 Rfe8 23. Nh4 Bc5 24. Be3 Bxd4 25. Bxd4 Nc6 26. Re3 Nxd4 27. cxd4 Rac8 28. Rc3 Rxc3 29. Qxc3 Bxf5 30. Nxf5 Qxf5 31. Re1 Rxe1+ 32. Qxe1 Qg4+ 33. Kf1 Qf4+ 0-1

[Event "Bucharest Grand Prix"]
[Site "Bucharest"]
[Date "2023.04.30"]
[Round "8"]
[White "Padurean, Daniel Cristian"]
[Black "Baltag, Iulian"]
[Result "1/2-1/2"]
[WhiteElo "2152"]
[BlackElo "2414"]
[PlyCount "181"]
[EventDate "2023.04.29"]
[EventType "swiss (rapid)"]
[EventRounds "10"]
[EventCountry "ROU"]
[SourceTitle "CBM 213 Extra"]
[Source "ChessBase"]
[SourceDate "2023.05.31"]
[SourceVersion "1"]
[SourceVersionDate "2023.05.31"]
[SourceQuality "1"]

1. e4 c5 2. c3 d6 3. d4 Nf6 4. Bd3 g6 5. Nf3 Bg7 6. h3 0-0 7. 0-0 Nc6 8. a3 d5 9. exd5 Qxd5 10. c4 Qh5 11. d5 Nd4 12. Nxd4 cxd4 13. Qxh5 Nxh5 14. g4 Nf6 15. Nd2 b5 16. b3 bxc4 17. bxc4 Nd7 18. Nf3 Nc5 19. Rd1 Ba6 20. Bf1 d3 21. Be3 Rfc8 22. Rac1 Rab8 23. Bxd3 Nxd3 24. Rxd3 Rxc4 25. Rxc4 Bxc4 26. Rd2 a6 27. d6 exd6 28. Rxd6 Bf8 29. Rd4 Be2 30. Ne5 Re8 31. Nd7 Bg7 32. Rd6 Re6 33. Rd2 Bf3 34. Nc5 Re8 35. Nxa6 h5 36. gxh5 gxh5 37. Nc7 Rb8 38. Rc2 Be5 39. Na6 Rd8 40. Rc1 Rd6 41. Nb4 Bb2 42. Re1 Rg6+ 43. Kf1 Rg2 44. Bf4 Rg6 45. Re3 Bg2+ 46. Kg1 Bxh3+ 47. Rg3 Rxg3+ 48. fxg3 Bxa3 49. Nd5 Kg7 50. Kh2 Be6 51. Ne3 Bc5 52. Ng2 Bd5 53. Be5+ f6 54. Bf4 Bf3 55. Nh4 Be4 56. Ng2 Kf7 57. Kh3 Be7 58. Ne3 f5 59. Ng2 Ke6 60. Be3 Bf3 61. Nf4+ Kd6 62. Ng2 Bg4+ 63. Kh2 Ke5 64. Bf4+ Ke4 65. Bc7 Bg5 66. Bb8 Kf3 67. Bc7 Be7 68. Bb8 Bc5 69. Bf4 Ke2 70. Bg5 Kf2 71. Nf4 Kf1 72. Nh3 Bb4 73. Be3 Bd6 74. Bf4 Be7 75. Be5 Bc5 76. Bf4 Ke2 77. Bc7 Be3 78. Bd6 Kf3 79. Bc7 Bc5 80. Bb8 Be7 81. Bc7 h4 82. gxh4 Bxh4 83. Bb8 Be7 84. Bc7 Bc5 85. Ng5+ Ke3 86. Kg3 Be7 87. Bf4+ Kd3 88. Ne6 Ke4 89. Ng5+ Kd5 90. Nf7 Bf6 91. Nh6 1/2-1/2

[Event "Bucharest Grand Prix"]
[Site "Bucharest"]
[Date "2023.04.29"]
[Round "3"]
[White "Padurean, Daniel Cristian"]
[Black "Grigoriants, Sergey"]
[Result "0-1"]
[WhiteElo "2152"]
[BlackElo "2557"]
[PlyCount "50"]
[EventDate "2023.04.29"]
[EventType "swiss (rapid)"]
[EventRounds "10"]
[EventCountry "ROU"]
[SourceTitle "CBM 213 Extra"]
[Source "ChessBase"]
[SourceDate "2023.05.31"]
[SourceVersion "1"]
[SourceVersionDate "2023.05.31"]
[SourceQuality "1"]

1. e4 c5 2. c3 d5 3. exd5 Qxd5 4. d4 Nf6 5. Nf3 e6 6. Na3 Qd8 7. Nc2 Nbd7 8. dxc5 Bxc5 9. Be3 0-0 10. Be2 Qc7 11. 0-0 b6 12. Nfd4 Bb7 13. Bf3 Nd5 14. Nb5 Qb8 15. Bxc5 Nxc5 16. c4 Nf4 17. Bxb7 Qxb7 18. Ne3 Rad8 19. Qg4 Ncd3 20. Kh1 f5 21. Qg3 Rd7 22. Nc3 Ng6 23. f4 Nxb2 24. Rab1 Rd3 25. Rfc1 Nxc4 0-1

[Event "Arad op 15th"]
[Site "Arad"]
[Date "2022.08.10"]
[Round "4"]
[White "Padurean, Daniel Cristian"]
[Black "Tamas, Christian Arrydan"]
[Result "1-0"]
[WhiteElo "2126"]
[BlackElo "1933"]
[PlyCount "129"]
[EventDate "2022.08.08"]
[EventType "swiss"]
[EventRounds "9"]
[EventCountry "ROU"]
[SourceTitle "CBM 209 Extra"]
[Source "ChessBase"]
[SourceDate "2022.09.30"]
[SourceVersion "1"]
[SourceVersionDate "2022.09.30"]
[SourceQuality "1"]

1. e4 c5 2. d4 cxd4 3. c3 dxc3 4. Nxc3 g6 5. Nf3 Nc6 6. e5 Bg7 7. Bc4 Nh6 8. Bf4 0-0 9. 0-0 d6 10. exd6 exd6 11. Qxd6 Bg4 12. Ng5 Qxd6 13. Bxd6 Rfd8 14. Bc5 Rac8 15. h3 Ne5 16. Bb3 Rxc5 17. Nce4 Rcc8 18. hxg4 Nhxg4 19. Rac1 h6 20. Nxf7 Nxf7 21. Bxf7+ Kh7 22. Be6 Rxc1 23. Rxc1 Re8 24. Ng5+ hxg5 25. Bxg4 Re7 26. b3 Bd4 27. Rd1 Bb6 28. Kf1 Rf7 29. Rd2 Kg7 30. Be6 Re7 31. Bc4 Bc7 32. a4 Kf6 33. Rd3 Be5 34. Rd8 Bc3 35. g3 Be5 36. Rf8+ Kg7 37. Rg8+ Kh7 38. Kg2 a5 39. Kf3 Bd4 40. Rd8 Bb6 41. Rd6 Bc7 42. Rd5 Kh6 43. Rc5 Bb6 44. Rb5 Bd8 45. Bd5 b6 46. Bc4 Rd7 47. Ke4 Bc7 48. g4 Rd8 49. f3 Rd7 50. Bd5 Kg7 51. Kd4 Kf6 52. Kc4 Re7 53. b4 axb4 54. Rxb4 Re5 55. Rb1 Bd8 56. Rd1 Re2 57. Be4 Be7 58. Rb1 Bd8 59. Kb5 Rg2 60. Rc1 Rb2+ 61. Ka6 Rb4 62. Bc6 Be7 63. Bb5 Bd8 64. Rd1 Ke7 65. Rd7+ 1-0

[Event "Arad op 15th"]
[Site "Arad"]
[Date "2022.08.09"]
[Round "2"]
[White "Padurean, Daniel Cristian"]
[Black "Ciocani, Iosif"]
[Result "0-1"]
[WhiteElo "2126"]
[BlackElo "1954"]
[PlyCount "58"]
[EventDate "2022.08.08"]
[EventType "swiss"]
[EventRounds "9"]
[EventCountry "ROU"]
[SourceTitle "CBM 209 Extra"]
[Source "ChessBase"]
[SourceDate "2022.09.30"]
[SourceVersion "1"]
[SourceVersionDate "2022.09.30"]
[SourceQuality "1"]

1. e4 c5 2. c3 Nf6 3. e5 Nd5 4. d4 cxd4 5. Nf3 d6 6. cxd4 Nc6 7. Bc4 dxe5 8. dxe5 Be6 9. 0-0 g6 10. Qb3 Qd7 11. Rd1 Na5 12. Bxd5 Nxb3 13. Bxb3 Qc6 14. Nc3 Bxb3 15. axb3 Bg7 16. Nd4 Qc8 17. Nd5 Qc5 18. Nf3 Rd8 19. Be3 Qc6 20. Nb4 Rxd1+ 21. Rxd1 Qe6 22. Nd5 0-0 23. Ng5 Qxe5 24. f4 Qd6 25. Ne4 Qa6 26. Nxe7+ Kh8 27. Bc5 Qe2 28. Nf2 Re8 29. Rc1 Rxe7 0-1

[Event "Poiana Brasov op"]
[Site "Poiana Brasov"]
[Date "2022.07.25"]
[Round "2"]
[White "Ciocani, Iosif"]
[Black "Padurean, Daniel Cristian"]
[Result "1-0"]
[WhiteElo "2012"]
[BlackElo "2126"]
[PlyCount "101"]
[EventDate "2022.07.24"]
[EventType "swiss"]
[EventRounds "9"]
[EventCountry "ROU"]
[SourceTitle "EXT 2023"]
[Source "ChessBase"]
[SourceDate "2022.10.05"]
[SourceVersion "1"]
[SourceVersionDate "2022.10.05"]
[SourceQuality "1"]

1. e4 e5 2. Nf3 Nc6 3. Bc4 Nf6 4. d3 Be7 5. 0-0 0-0 6. Nc3 d6 7. a4 Be6 8. Nd5 Bxd5 9. exd5 Nb4 10. d4 e4 11. Nd2 e3 12. fxe3 Nbxd5 13. Qf3 Nb6 14. Bd3 d5 15. a5 Nc8 16. a6 b6 17. e4 dxe4 18. Nxe4 Nd6 19. Nxf6+ Bxf6 20. c3 Bg5 21. Bf4 Bxf4 22. Qxf4 h6 23. Rae1 Qg5 24. Qxg5 hxg5 25. Re7 Rac8 26. Bf5 Rfe8 27. Rd7 Nxf5 28. Rxf5 f6 29. Kf2 Kf8 30. Rfd5 Re7 31. Rd8+ Rxd8 32. Rxd8+ Re8 33. Rd7 Re7 34. Rd8+ Re8 35. Rxe8+ Kxe8 36. h3 Kd7 37. Ke3 f5 38. d5 Kd6 39. Kd4 b5 40. b4 c6 41. dxc6 Kxc6 42. Ke5 g4 43. hxg4 fxg4 44. g3 g5 45. Ke6 Kc7 46. Kf5 Kd6 47. Kxg4 Kd5 48. Kxg5 Kc4 49. Kf4 Kxc3 50. g4 Kxb4 51. g5 1-0

[Event "Bucharest Super Rapid op"]
[Site "Bucharest"]
[Date "2022.05.01"]
[Round "6"]
[White "Manolache, Marius"]
[Black "Padurean, Daniel Cristian"]
[Result "1-0"]
[WhiteElo "2481"]
[BlackElo "2126"]
[PlyCount "87"]
[EventDate "2022.04.30"]
[EventType "swiss (rapid)"]
[EventRounds "10"]
[EventCountry "ROU"]
[SourceTitle "CBM 208 Extra"]
[Source "ChessBase"]
[SourceDate "2022.07.31"]
[SourceVersion "1"]
[SourceVersionDate "2022.07.31"]
[SourceQuality "1"]

1. Nf3 d5 2. d4 Nf6 3. c4 e6 4. Nc3 dxc4 5. e3 a6 6. a4 c5 7. Bxc4 Nc6 8. 0-0 cxd4 9. exd4 Be7 10. Re1 0-0 11. Be3 Nb4 12. Qb3 b6 13. Ne5 Bb7 14. Rad1 Rc8 15. Bc1 Qc7 16. Bf1 Rfd8 17. Bf4 Nbd5 18. Bg3 Nh5 19. Nxf7 Nxg3 20. Nxd8 Nxf1 21. Nxe6 Qxh2+ 22. Kxf1 Qh1+ 23. Ke2 Qxg2 24. Nf4 Qg4+ 25. Kf1 Rxc3 26. bxc3 Kh8 27. Nxd5 Qh3+ 28. Ke2 Qh5+ 29. Kd2 Bxd5 30. Qxb6 Qg5+ 31. Re3 Bg8 32. Qxa6 Bf6 33. Qb5 Qf4 34. Rf1 h6 35. a5 Qd6 36. Ra1 Qf4 37. Rf1 Qd6 38. a6 Qa3 39. Rb1 Bg5 40. Rb2 Qf8 41. Ke1 Qc8 42. a7 Bxe3 43. fxe3 Qg4 44. a8Q 1-0

[Event "Bucharest Super Rapid op"]
[Site "Bucharest"]
[Date "2022.05.01"]
[Round "9"]
[White "Padurean, Daniel Cristian"]
[Black "Veneteanu, Mihai"]
[Result "1-0"]
[WhiteElo "2126"]
[BlackElo "1996"]
[PlyCount "61"]
[EventDate "2022.04.30"]
[EventType "swiss (rapid)"]
[EventRounds "10"]
[EventCountry "ROU"]
[SourceTitle "CBM 208 Extra"]
[Source "ChessBase"]
[SourceDate "2022.07.31"]
[SourceVersion "1"]
[SourceVersionDate "2022.07.31"]
[SourceQuality "1"]

1. e4 c5 2. c3 d5 3. exd5 Qxd5 4. d4 Nf6 5. Nf3 Bg4 6. dxc5 Qxd1+ 7. Kxd1 e5 8. b4 e4 9. h3 Bh5 10. g4 Nxg4 11. hxg4 Bxg4 12. Kc2 Bxf3 13. Bb5+ Nc6 14. Re1 f5 15. Nd2 Bg2 16. Rg1 Bh3 17. Rg3 Bg4 18. Nxe4 h5 19. Ng5 h4 20. Rd3 Be7 21. f3 h3 22. fxg4 h2 23. Bf4 h1Q 24. Rxh1 Rxh1 25. Ne6 Kf7 26. gxf5 Nd8 27. Bc4 Nxe6 28. Bxe6+ Kf6 29. Rg3 Bf8 30. Bg5+ Ke5 31. Re3# 1-0

[Event "Romania blitz online op final"]
[Site "Chess.com INT"]
[Date "2020.05.06"]
[Round "2"]
[White "Coman, Mihnea George"]
[Black "Padurean, Daniel Cristian"]
[Result "1/2-1/2"]
[WhiteElo "2064"]
[BlackElo "2119"]
[PlyCount "34"]
[EventDate "2020.05.06"]
[EventType "swiss (blitz)"]
[EventRounds "9"]
[EventCountry "ROU"]
[SourceTitle "CBM 196 Extra"]
[Source "ChessBase"]
[SourceDate "2020.07.31"]
[SourceVersion "1"]
[SourceVersionDate "2020.07.31"]
[SourceQuality "1"]

1. e4 e5 2. Nf3 Nc6 3. d4 exd4 4. Nxd4 Bb4+ 5. c3 Bc5 6. Be3 Bb6 7. Bc4 d6 8. Nd2 Nf6 9. Nc2 0-0 10. 0-0 Re8 11. f3 Be6 12. Bxb6 axb6 13. Ne3 d5 14. exd5 Nxd5 15. Nxd5 Bxd5 16. Bxd5 Qxd5 17. Ne4 Rad8 1/2-1/2

[Event "Romania blitz online op final"]
[Site "Chess.com INT"]
[Date "2020.05.06"]
[Round "7"]
[White "Daianu, Cristian Clement"]
[Black "Padurean, Daniel Cristian"]
[Result "1-0"]
[WhiteElo "2224"]
[BlackElo "2119"]
[PlyCount "65"]
[EventDate "2020.05.06"]
[EventType "swiss (blitz)"]
[EventRounds "9"]
[EventCountry "ROU"]
[SourceTitle "CBM 196 Extra"]
[Source "ChessBase"]
[SourceDate "2020.07.31"]
[SourceVersion "1"]
[SourceVersionDate "2020.07.31"]
[SourceQuality "1"]

1. e4 e5 2. Nf3 Nc6 3. Bc4 Nf6 4. d3 Be7 5. c3 0-0 6. Bb3 d5 7. Qe2 dxe4 8. dxe4 b6 9. Nbd2 Bc5 10. h3 Qe7 11. Nf1 Nh5 12. g4 Nf4 13. Bxf4 exf4 14. 0-0-0 Be6 15. N1d2 a5 16. Rhe1 a4 17. Bd5 a3 18. b3 Bd7 19. Kb1 Rab8 20. e5 Nd8 21. b4 Bxb4 22. cxb4 Qxb4+ 23. Nb3 c5 24. Qc4 Qxc4 25. Bxc4 Be6 26. Nfd2 b5 27. Bxe6 Nxe6 28. Ne4 c4 29. Nbc5 Nxc5 30. Nxc5 Rfc8 31. Rd5 b4 32. Re4 b3 33. Rxc4 1-0

[Event "Romania blitz online op final"]
[Site "Chess.com INT"]
[Date "2020.05.06"]
[Round "8"]
[White "Padurean, Daniel Cristian"]
[Black "Bucur, Denisa Andreea"]
[Result "0-1"]
[WhiteElo "2119"]
[BlackElo "2063"]
[PlyCount "116"]
[EventDate "2020.05.06"]
[EventType "swiss (blitz)"]
[EventRounds "9"]
[EventCountry "ROU"]
[SourceTitle "CBM 196 Extra"]
[Source "ChessBase"]
[SourceDate "2020.07.31"]
[SourceVersion "1"]
[SourceVersionDate "2020.07.31"]
[SourceQuality "1"]

1. e4 c5 2. c3 e6 3. d4 d5 4. exd5 exd5 5. Be3 cxd4 6. Bxd4 Nc6 7. Nf3 Nf6 8. Be2 Nxd4 9. Qxd4 Be7 10. Bb5+ Bd7 11. Bxd7+ Qxd7 12. Ne5 Qb5 13. Nd2 0-0 14. a4 Qxb2 15. 0-0 Rac8 16. Ndf3 Qxc3 17. Qxa7 Bd6 18. Rfe1 Rfe8 19. Qe3 Qxe3 20. Rxe3 Re7 21. Rae1 Rce8 22. Kf1 h6 23. Nd3 Rxe3 24. Rxe3 Rxe3 25. fxe3 Kf8 26. Ke2 Ke7 27. Nf4 g5 28. Nd3 Ne4 29. a5 f5 30. Nd4 Kf6 31. Nb5 Bxh2 32. Nb4 Nc5 33. Nxd5+ Ke6 34. Ndc3 Be5 35. Nd4+ Bxd4 36. exd4 Nb3 37. d5+ Ke5 38. Kd3 Nxa5 39. Ke3 Nc4+ 40. Kd3 Nb6 41. d6 Kxd6 42. Nb5+ Kc5 43. Nc7 Nd5 44. Ne6+ Kd6 45. Nd8 b5 46. Nf7+ Kc5 47. Nxh6 Nf4+ 48. Kc2 Nxg2 49. Nxf5 Nf4 50. Ng3 g4 51. Kc3 Nd5+ 52. Kd3 b4 53. Ne4+ Kb5 54. Kd4 Nc3 55. Nd6+ Ka4 56. Nf5 Ne2+ 57. Ke3 b3 58. Kxe2 b2 0-1

[Event "Romania blitz online op final"]
[Site "Chess.com INT"]
[Date "2020.05.06"]
[Round "5"]
[White "Padurean, Daniel Cristian"]
[Black "Gheorghiu, Calin"]
[Result "1-0"]
[WhiteElo "2119"]
[BlackElo "2283"]
[PlyCount "115"]
[EventDate "2020.05.06"]
[EventType "swiss (blitz)"]
[EventRounds "9"]
[EventCountry "ROU"]
[SourceTitle "CBM 196 Extra"]
[Source "ChessBase"]
[SourceDate "2020.07.31"]
[SourceVersion "1"]
[SourceVersionDate "2020.07.31"]
[SourceQuality "1"]

1. e4 c5 2. c3 Nf6 3. e5 Nd5 4. d4 cxd4 5. Nf3 e6 6. cxd4 d6 7. a3 Nc6 8. Bd3 Be7 9. 0-0 0-0 10. Re1 dxe5 11. dxe5 Qc7 12. Qc2 g6 13. Bh6 Rd8 14. Nc3 Ndb4 15. axb4 Nxb4 16. Nd5 Nxc2 17. Nxc7 Nxe1 18. Nxe1 Rb8 19. Rxa7 Bb4 20. Bg5 Rd7 21. Ne8 Bxe1 22. Nf6+ Kf8 23. Nxd7+ Bxd7 24. Kf1 Bb4 25. Be4 Bc8 26. Ra4 Be7 27. Bxe7+ Kxe7 28. Rb4 Kd7 29. Ke2 Kc7 30. f4 Bd7 31. g3 Bc6 32. Bxc6 Kxc6 33. Rc4+ Kb6 34. Rd4 Kc6 35. Rd6+ Kc7 36. h4 Ra8 37. Rd3 Ra4 38. b3 Ra1 39. Kf3 h5 40. Ke4 Kb6 41. Rd7 Rb1 42. Rxf7 Rxb3 43. Rf6 Kc5 44. Rxg6 b5 45. Rxe6 b4 46. Re8 Rxg3 47. Kf5 b3 48. Rb8 Kc4 49. e6 Re3 50. Kf6 Kc3 51. e7 b2 52. f5 Kc2 53. Kf7 Rb3 54. Rxb3 Kxb3 55. e8Q b1Q 56. Qb8+ Kc2 57. Qxb1+ Kxb1 58. Kg6 1-0

[Event "Romania blitz online op final"]
[Site "Chess.com INT"]
[Date "2020.05.06"]
[Round "3"]
[White "Padurean, Daniel Cristian"]
[Black "Ignat, Matei Marius"]
[Result "1-0"]
[WhiteElo "2119"]
[BlackElo "1992"]
[PlyCount "143"]
[EventDate "2020.05.06"]
[EventType "swiss (blitz)"]
[EventRounds "9"]
[EventCountry "ROU"]
[SourceTitle "CBM 196 Extra"]
[Source "ChessBase"]
[SourceDate "2020.07.31"]
[SourceVersion "1"]
[SourceVersionDate "2020.07.31"]
[SourceQuality "1"]

1. e4 c5 2. c3 Nf6 3. e5 Nd5 4. d4 cxd4 5. Nf3 Nc6 6. cxd4 d6 7. Bc4 dxe5 8. dxe5 Nb6 9. Qxd8+ Nxd8 10. Bb5+ Bd7 11. Bxd7+ Nxd7 12. 0-0 g6 13. Nc3 a6 14. Bf4 Bg7 15. h3 Nc6 16. Rfe1 0-0 17. Rad1 Rfd8 18. a3 Nc5 19. Nd5 Kf8 20. Nb6 Rxd1 21. Rxd1 Rd8 22. Rxd8+ Nxd8 23. Be3 Nd3 24. Bd4 Nc6 25. Bc3 Ndxe5 26. Nxe5 Nxe5 27. Bxe5 f6 28. Bc3 e5 29. f3 Ke7 30. Kf2 Ke6 31. Ke3 Bf8 32. Nc4 Kd5 33. Kd3 Bg7 34. Ne3+ Kc5 35. b4+ Kc6 36. g4 h6 37. a4 Bf8 38. Ke4 Kd6 39. Nd5 Ke6 40. Ne3 Bd6 41. Nc4 Bc7 42. Bd2 f5+ 43. gxf5+ gxf5+ 44. Kd3 h5 45. Bc3 Kd5 46. Ne3+ Ke6 47. Nf1 Kd5 48. Ne3+ Ke6 49. Kc4 e4 50. fxe4 fxe4 51. Bd4 Kd6 52. Nf5+ Kc6 53. Ng7 h4 54. Nf5 Bd8 55. Be3 b5+ 56. axb5+ axb5+ 57. Kd4 Kd7 58. Kxe4 Ke6 59. Nd4+ Kf6 60. Nxb5 Ke6 61. Nd4+ Kf6 62. Nf3 Ke6 63. Bg5 Bc7 64. Bxh4 Bd6 65. Be1 Kd7 66. h4 Ke6 67. b5 Kf6 68. Kd5 Bb8 69. Kc6 Kg6 70. b6 Kh5 71. b7 Kg4 72. Nd4 1-0

[Event "ROM-chT div-A"]
[Site "Mamaia"]
[Date "2019.09.26"]
[Round "6.3"]
[White "Szabo, Gergely Andras"]
[Black "Padurean, Daniel Cristian"]
[Result "1-0"]
[WhiteElo "2534"]
[BlackElo "1998"]
[PlyCount "35"]
[EventDate "2019.09.21"]
[EventType "team-tourn"]
[EventRounds "9"]
[EventCountry "ROU"]
[SourceTitle "EXT 2020"]
[Source "ChessBase"]
[SourceDate "2019.10.17"]
[SourceVersion "1"]
[SourceVersionDate "2019.10.17"]
[SourceQuality "1"]
[WhiteTeam "Ghiroda Si Giarmata VII"]
[BlackTeam "Resita Muncitorul"]
[WhiteTeamCountry "ROU"]
[BlackTeamCountry "ROU"]

1. e4 e5 2. Nc3 Nc6 3. g3 Bc5 4. Bg2 d6 5. Na4 Bb6 6. Nxb6 axb6 7. Ne2 f5 8. d3 Nf6 9. 0-0 0-0 10. h3 Qe8 11. exf5 Bxf5 12. f4 e4 13. g4 exd3 14. cxd3 Be6 15. g5 Nh5 16. Nc3 Ng3 17. Re1 Qf7 18. Rxe6 1-0

[Event "ROM-chT div-A"]
[Site "Mamaia"]
[Date "2019.09.23"]
[Round "3.2"]
[White "Padurean, Daniel Cristian"]
[Black "Chima, Radu Niculin"]
[Result "1-0"]
[WhiteElo "1998"]
[BlackElo "2041"]
[PlyCount "99"]
[EventDate "2019.09.21"]
[EventType "team-tourn"]
[EventRounds "9"]
[EventCountry "ROU"]
[SourceTitle "EXT 2020"]
[Source "ChessBase"]
[SourceDate "2019.10.17"]
[SourceVersion "1"]
[SourceVersionDate "2019.10.17"]
[SourceQuality "1"]
[WhiteTeam "Resita Muncitorul"]
[BlackTeam "Bistrita"]
[WhiteTeamCountry "ROU"]
[BlackTeamCountry "ROU"]

1. e4 Nf6 2. Nc3 d5 3. exd5 Nxd5 4. Bc4 Nb6 5. Bb3 g6 6. Qf3 e6 7. Nge2 Nc6 8. d3 Bg7 9. h4 h6 10. Be3 Na5 11. Qg3 Nxb3 12. axb3 Nd5 13. Nxd5 Qxd5 14. Qxc7 0-0 15. Nf4 Qf5 16. Ra5 e5 17. Nd5 Qg4 18. 0-0 Be6 19. Qe7 Bxd5 20. Rxd5 Rac8 21. c4 Qe2 22. Qxb7 Rb8 23. Qxa7 Qxb2 24. Bc5 Ra8 25. Qd7 Rfe8 26. b4 e4 27. b5 Qb3 28. b6 exd3 29. Rxd3 Qxc4 30. b7 Qxc5 31. bxa8Q Rxa8 32. Rd5 Qc4 33. h5 g5 34. Rf5 Rf8 35. Rf3 Qd4 36. Rh3 Qf4 37. Qd1 g4 38. Rg3 f5 39. Qc1 Qd6 40. Rd1 Qf6 41. Qf4 Re8 42. Re3 Rf8 43. Rd6 Qh4 44. Rh3 Qe7 45. Re3 Qf7 46. Rg6 Kh7 47. Ree6 Rh8 48. Rxh6+ Bxh6 49. Qxh6+ Kg8 50. Rg6+ 1-0

[Event "ROM-chT2"]
[Site "Gilau"]
[Date "2018.10.13"]
[Round "7.6"]
[White "Ambru, Dan Calin"]
[Black "Padurean, Daniel Cristian"]
[Result "1-0"]
[WhiteElo "2008"]
[BlackElo "1939"]
[PlyCount "69"]
[EventDate "2018.10.07"]
[EventType "team-swiss"]
[EventRounds "9"]
[EventCountry "ROU"]
[SourceTitle "CBM 187 Extra"]
[Source "ChessBase"]
[SourceDate "2018.11.04"]
[SourceVersion "1"]
[SourceVersionDate "2018.11.04"]
[SourceQuality "1"]
[WhiteTeam "Cluj Napoca"]
[BlackTeam "Resita Muncitorul"]
[WhiteTeamCountry "ROU"]
[BlackTeamCountry "ROU"]

1. d4 Nf6 2. c4 c5 3. d5 d6 4. Nc3 g6 5. e4 Bg7 6. Bd3 0-0 7. h3 e5 8. Nge2 Nbd7 9. g4 h5 10. g5 Nh7 11. h4 a6 12. Be3 Rb8 13. Qd2 Re8 14. Ng3 Nhf8 15. f3 Nb6 16. Qf2 Nfd7 17. a3 Na8 18. b4 b6 19. b5 a5 20. Kd2 Rb7 21. Rag1 Nf8 22. Qg2 Ra7 23. a4 Rb7 24. Nf5 Ra7 25. Nxg7 Kxg7 26. f4 exf4 27. Bxf4 Rae7 28. Qg3 Re5 29. Bxe5+ Rxe5 30. Qf4 Nd7 31. Bf1 Nc7 32. Bh3 Ne8 33. Rf1 Qe7 34. Rh2 f6 35. Rhf2 1-0

[Event "ROM-chT2"]
[Site "Gilau"]
[Date "2018.10.11"]
[Round "5.6"]
[White "Ardelean, Rusalim Pavel"]
[Black "Padurean, Daniel Cristian"]
[Result "0-1"]
[WhiteElo "1698"]
[BlackElo "1939"]
[PlyCount "34"]
[EventDate "2018.10.07"]
[EventType "team-swiss"]
[EventRounds "9"]
[EventCountry "ROU"]
[SourceTitle "CBM 187 Extra"]
[Source "ChessBase"]
[SourceDate "2018.11.04"]
[SourceVersion "1"]
[SourceVersionDate "2018.11.04"]
[SourceQuality "1"]
[WhiteTeam "Arad"]
[BlackTeam "Resita Muncitorul"]
[WhiteTeamCountry "ROU"]
[BlackTeamCountry "ROU"]

1. e4 Nc6 2. Nf3 e6 3. d4 d5 4. e5 f6 5. c3 fxe5 6. Bb5 Bd7 7. Bxc6 bxc6 8. Nxe5 Nf6 9. Bg5 Be7 10. Bxf6 Bxf6 11. Qh5+ g6 12. Nxg6 hxg6 13. Qxg6+ Ke7 14. g3 Qg8 15. Qd3 Qh7 16. Qe3 Qc2 17. Qd2 Qe4+ 0-1

[Event "ROM-chT2"]
[Site "Gilau"]
[Date "2018.10.07"]
[Round "1.6"]
[White "Balaban Voia, Alexandru"]
[Black "Padurean, Daniel Cristian"]
[Result "1/2-1/2"]
[WhiteElo "1652"]
[BlackElo "1939"]
[PlyCount "58"]
[EventDate "2018.10.07"]
[EventType "team-swiss"]
[EventRounds "9"]
[EventCountry "ROU"]
[SourceTitle "CBM 187 Extra"]
[Source "ChessBase"]
[SourceDate "2018.11.04"]
[SourceVersion "1"]
[SourceVersionDate "2018.11.04"]
[SourceQuality "1"]
[WhiteTeam "Ineu"]
[BlackTeam "Resita Muncitorul"]
[WhiteTeamCountry "ROU"]
[BlackTeamCountry "ROU"]

1. Nf3 Nf6 2. b3 g6 3. Bb2 Bg7 4. g3 0-0 5. Bg2 d6 6. d4 Nbd7 7. 0-0 c6 8. c4 Qc7 9. Qc2 Re8 10. Nc3 e5 11. dxe5 dxe5 12. e4 Nc5 13. b4 Na6 14. a3 Bg4 15. Nd1 Bxf3 16. Bxf3 Qe7 17. Ne3 Bh6 18. Ng4 Nxg4 19. Bxg4 Bg7 20. Rad1 Rad8 21. Rxd8 Rxd8 22. Rd1 Nc7 23. Bc3 Ne8 24. Bf3 Rxd1+ 25. Bxd1 Qd7 26. Be2 Nc7 27. Qd3 Qxd3 28. Bxd3 Ne6 29. h3 Kf8 1/2-1/2